[Event "Hessen-Baden"]
[Site "?"]
[Date "2005.04.14"]
[Round "1.6"]
[White "Kimpel, Janine"]
[Black "Klein, Sabine"]
[Result "1/2-1/2"]
[WhiteElo "1731"]
[BlackElo "1865"]
[PlyCount "52"]
[EventDate "1905.??.??"]

1. e4 e5 2. Nf3 Nc6 3. Bc4 Bc5 4. c3 Nf6 5. d4 exd4 6. cxd4 Bb4+ 7. Bd2 Bxd2+
8. Nbxd2 d6 9. O-O O-O 10. Re1 d5 11. exd5 Nxd5 12. Ne4 Bg4 13. Nc5 Rb8 14. Nb3
Nb6 15. Be2 Ne7 16. Ne5 Bf5 17. Bg4 Bxg4 18. Qxg4 f5 19. Qg3 Qd6 20. Nc5 Rf6
21. Ned7 Nxd7 22. Qxd6 Rxd6 23. Rxe7 Nxc5 24. dxc5 Rc6 25. b4 Rd8 26. g3 Rd4
1/2-1/2

[Event "Hessen-Baden"]
[Site "?"]
[Date "2005.04.14"]
[Round "1.7"]
[White "Krum, Beate"]
[Black "Moritz, Cornelia"]
[Result "0-1"]
[WhiteElo "1787"]
[BlackElo "1706"]
[PlyCount "94"]
[EventDate "1905.??.??"]

1. d4 f5 2. Nf3 Nf6 3. c4 e6 4. g3 Be7 5. Bg2 O-O 6. O-O d5 7. Nc3 Nc6 8. e3
Rb8 9. a3 dxc4 10. Qa4 Kh8 11. Qxc4 Na5 12. Qa2 Nd5 13. Bd2 Nb6 14. b3 Qe8 15.
Rfc1 g5 16. Ne5 Bd6 17. b4 Nc6 18. Nxc6 bxc6 19. f4 gxf4 20. exf4 Nd5 21. Re1
Qg6 22. Nxd5 cxd5 23. Rac1 h5 24. Rc3 Rg8 25. Kf2 h4 26. Rh1 Rg7 27. Qb3 Bd7
28. Bf1 a5 29. Rc5 axb4 30. axb4 Qh6 31. Qf3 Bxc5 32. dxc5 e5 33. Bg2 Bc6 34.
Qe2 h3 35. Bf1 d4 36. fxe5 Qg6 37. Rg1 Rf8 38. Bf4 Be4 39. Bxh3 Rh7 40. Qf1 d3
41. Bg2 Rxh2 42. Qc1 Qh5 43. Qf1 Rxg2+ 44. Rxg2 Bxg2 45. Kxg2 Ra8 46. Qxd3 Ra2+
47. Bd2 Qg5 0-1

[Event "Hessen-Baden"]
[Site "?"]
[Date "2005.04.14"]
[Round "1.8"]
[White "Jacob, Christiane"]
[Black "Dittrich, Jacqueline"]
[Result "1-0"]
[WhiteElo "1680"]
[BlackElo "1599"]
[PlyCount "95"]
[EventDate "1905.??.??"]

1. d4 d5 2. c4 e6 3. Nc3 Nf6 4. Nf3 c6 5. Bf4 Bd6 6. Bxd6 Qxd6 7. e3 Nbd7 8.
Rc1 O-O 9. Bd3 Re8 10. h3 e5 11. dxe5 Nxe5 12. Nxe5 Rxe5 13. O-O Rg5 14. f4 Rh5
15. cxd5 cxd5 16. Be2 Rh6 17. Nb5 Qb6 18. Rf3 Bf5 19. Nd4 Be4 20. Rf2 Qxb2 21.
Bd3 Qa3 22. Rfc2 Nd7 23. Nb3 Qe7 24. Rc7 Rd6 25. Nd4 Bxg2 26. Nf5 Qe6 27. Kxg2
Rb6 28. Qd2 Nf8 29. Qc3 d4 30. Qxd4 Qf6 31. Ne7+ Kh8 32. Qxf6 gxf6 33. Nd5 Rb2+
34. R1c2 Rxc2+ 35. Bxc2 Kg7 36. Bb3 Ne6 37. Rxb7 Nc5 38. Rc7 Nxb3 39. axb3 Rb8
40. b4 Ra8 41. Rc6 Rb8 42. Ra6 Rb5 43. e4 f5 44. Kf3 fxe4+ 45. Kxe4 Rb7 46. Kd4
f6 47. Kc5 Kg6 48. Rxf6+ 1-0

[Event "Thüringen-Rheinland-Pfalz"]
[Site "?"]
[Date "2005.04.14"]
[Round "1.1"]
[White "Krasnopeyeva, Julia"]
[Black "Umpfenbach, Carolin"]
[Result "0-1"]
[WhiteElo "1897"]
[BlackElo "2137"]
[PlyCount "112"]
[EventDate "1905.??.??"]

1. e4 e6 2. d4 d5 3. Nc3 Bb4 4. e5 Ne7 5. a3 Bxc3+ 6. bxc3 c5 7. Nf3 Qc7 8. Bd3
c4 9. Be2 Bd7 10. h4 Ba4 11. h5 h6 12. O-O Nbc6 13. Nh4 O-O-O 14. Bg4 Kb8 15.
Ra2 Rdg8 16. g3 Nd8 17. Ng2 g6 18. Nf4 Nf5 19. Bd2 Qe7 20. Ng2 Nc6 21. Qc1 Qf8
22. Qb1 Rh7 23. Rb2 Qe7 24. Qc1 Qf8 25. Qb1 Qc8 26. Bf4 Ka8 27. Qc1 Ng7 28. Qd1
Qf8 29. Qf3 Qe7 30. Rfb1 Nd8 31. Bc1 Rf8 32. Nf4 g5 33. Nh3 f5 34. exf6 Rxf6
35. Qe2 Rf7 36. Rb4 Bc6 37. a4 Ne8 38. Ba3 Qf6 39. a5 a6 40. Re1 Nc7 41. Rbb1
Nb5 42. Bb4 Bd7 43. Qe3 Rh8 44. Bc5 Re8 45. Qd2 e5 46. Bxd7 Rxd7 47. dxe5 Qf5
48. Kg2 Ne6 49. Bd4 Rf8 50. Ng1 g4 51. Rf1 Nbxd4 52. cxd4 Qxh5 53. Rb6 Ng5 54.
Rf6 Rxf6 55. exf6 Nf3 56. Qf4 Qh2# 0-1

[Event "Thüringen-Rheinland-Pfalz"]
[Site "?"]
[Date "2005.04.14"]
[Round "1.3"]
[White "Endress, Anna"]
[Black "Müller-Ludwig, Kristin"]
[Result "0-1"]
[WhiteElo "1732"]
[BlackElo "2074"]
[PlyCount "110"]
[EventDate "1905.??.??"]

1. e4 e6 2. d4 d5 3. Nc3 Bb4 4. Nge2 dxe4 5. a3 Be7 6. Nxe4 Nf6 7. N2g3 O-O 8.
c3 Nbd7 9. Bd3 h6 10. Bc2 c5 11. O-O cxd4 12. Qxd4 Qc7 13. Kh1 Rd8 14. Qd3 b6
15. Qf3 Bb7 16. Nh5 Nxe4 17. Bxe4 Qc4 18. Re1 Bxe4 19. Qxe4 Qxe4 20. Rxe4 Nc5
21. Re1 Nd3 22. Rf1 Nxf2+ 23. Kg1 Nd3 24. h3 Nxc1 25. Raxc1 Rd2 26. Rb1 Rad8
27. Ng3 Rc2 28. Rfc1 Rdd2 29. Rxc2 Rxc2 30. Ne4 f5 31. Ng3 Bc5+ 32. Kh2 Bd6 33.
Rd1 Bxg3+ 34. Kxg3 Rxb2 35. Rd8+ Kf7 36. Rd7+ Kf6 37. Rxa7 Rb3 38. Rc7 Rxa3 39.
Rc6 b5 40. Kf2 Ra2+ 41. Kf3 Rc2 42. Rc5 b4 43. cxb4 Rxc5 44. bxc5 e5 45. g4 g6
46. gxf5 gxf5 47. Kg3 e4 48. Kf4 Ke6 49. h4 Kd5 50. h5 Kxc5 51. Kxf5 e3 52. Kg6
e2 53. Kxh6 e1=Q 54. Kg7 Qe5+ 55. Kg6 Qh8 0-1

[Event "Thüringen-Rheinland-Pfalz"]
[Site "?"]
[Date "2005.04.14"]
[Round "1.4"]
[White "Fuchs, Antje"]
[Black "Zemke, Christine"]
[Result "1-0"]
[WhiteElo "2107"]
[BlackElo "1786"]
[PlyCount "131"]
[EventDate "1905.??.??"]

1. d4 Nf6 2. Nf3 d5 3. Bg5 Bf5 4. e3 e6 5. Be2 h6 6. Bh4 Be7 7. O-O Nbd7 8. c4
c6 9. Nc3 O-O 10. Rc1 Ne4 11. Bxe7 Qxe7 12. Re1 Bh7 13. Qb3 Rfb8 14. Nxe4 Bxe4
15. Nd2 Bg6 16. Bf3 f5 17. g3 Nf6 18. Bg2 Bh5 19. Rc2 Ne4 20. Nf1 Ng5 21. Nd2
Ne4 22. Rec1 Nxd2 23. Rxd2 Kh8 24. Qd3 Rf8 25. f4 Rae8 26. a3 a5 27. Qc3 Ra8
28. c5 Qc7 29. Rb1 Ra7 30. b3 Rb8 31. Rdb2 Kh7 32. Kf2 Rg8 33. Bf1 Rga8 34. Bd3
Bg4 35. Rh1 Qf7 36. h3 Bh5 37. Qc2 Kh8 38. Rg1 Qf6 39. Kg2 Rg8 40. Qf2 g5 41.
fxg5 Qxg5 42. Qf4 Qxf4 43. exf4 Kg7 44. Kf2 Kf6 45. a4 Rg7 46. Rgb1 Ra8 47. b4
axb4 48. Rxb4 Rag8 49. Rg1 Ra8 50. Re1 Rag8 51. Re3 Ra8 52. Bc2 Ra7 53. Reb3
Rc7 54. Ra3 Be8 55. Bd1 Bd7 56. g4 Bc8 57. Rg3 fxg4 58. hxg4 Rf7 59. Rh3 Kg7
60. Kg3 Ra6 61. Rb2 Ra8 62. Rbh2 Rf6 63. Bc2 Bd7 64. g5 Rff8 65. Rxh6 Rh8 66.
Rh7+ 1-0

[Event "Thüringen-Rheinland-Pfalz"]
[Site "?"]
[Date "2005.04.14"]
[Round "1.5"]
[White "Katte, Isabel"]
[Black "Espig, Gesine"]
[Result "0-1"]
[WhiteElo "1931"]
[BlackElo "2080"]
[PlyCount "50"]
[EventDate "1905.??.??"]

1. e4 c5 2. Nc3 Nc6 3. f4 e6 4. Bb5 Nd4 5. Nf3 a6 6. Be2 b5 7. a3 Bb7 8. d3 g6
9. Be3 Bg7 10. e5 Ne7 11. Ne4 Nef5 12. Bxd4 cxd4 13. Qd2 O-O 14. O-O d6 15. Qb4
dxe5 16. fxe5 Rc8 17. Nc5 Bxf3 18. Bxf3 Bxe5 19. Ne4 Rxc2 20. Rf2 Qc7 21. g3
Ne3 22. Be2 h6 23. Re1 f5 24. Rf3 Re8 25. Nd2 Nd5 0-1

[Event "Thüringen-Rheinland-Pfalz"]
[Site "?"]
[Date "2005.04.14"]
[Round "1.6"]
[White "Uhlendorf, Kristina"]
[Black "Reiske, Anne"]
[Result "1-0"]
[WhiteElo "2074"]
[BlackElo "1731"]
[PlyCount "55"]
[EventDate "1905.??.??"]

1. Nf3 d5 2. g3 Nf6 3. Bg2 e6 4. O-O Bd6 5. d4 Nbd7 6. Nbd2 c6 7. c4 b6 8. Qc2
Bb7 9. e4 dxe4 10. Nxe4 Nxe4 11. Qxe4 Nf6 12. Qc2 O-O 13. Bg5 h6 14. Bd2 Qe7
15. Rfe1 Rfd8 16. Rad1 Rac8 17. a3 c5 18. d5 e5 19. Bc3 Nd7 20. Nh4 Re8 21. Bh3
Rcd8 22. f4 Qf8 23. Bxd7 Rxd7 24. fxe5 Bb8 25. Nf5 g6 26. Nh4 Rde7 27. e6 Bd6
28. Nxg6 1-0

[Event "Thüringen-Rheinland-Pfalz"]
[Site "?"]
[Date "2005.04.14"]
[Round "1.7"]
[White "Scholz, Gertrud"]
[Black "Lange, Corinna"]
[Result "1-0"]
[WhiteElo "1627"]
[BlackElo "2065"]
[PlyCount "131"]
[EventDate "1905.??.??"]

1. Nf3 d5 2. g3 c5 3. Bg2 Nc6 4. d3 g6 5. Nbd2 Bg7 6. O-O e6 7. e4 Nge7 8. exd5
exd5 9. Re1 O-O 10. c3 b6 11. Nf1 Bb7 12. Bg5 h6 13. Bxe7 Nxe7 14. d4 Qc7 15.
Ne3 Rad8 16. Rc1 Rfe8 17. Rc2 Qd7 18. Rd2 c4 19. Ne5 Qc7 20. f4 b5 21. Rde2 Bc8
22. Rf2 f6 23. Nf3 Qc6 24. Nh4 b4 25. Qb1 f5 26. Nf3 bxc3 27. bxc3 Be6 28. Ne5
Bxe5 29. fxe5 Rb8 30. Rb2 Qc7 31. Ree2 g5 32. Rxb8 Rxb8 33. Rb2 Rxb2 34. Qxb2
f4 35. gxf4 gxf4 36. Nf1 Ng6 37. Qb5 Qf7 38. Qb2 f3 39. Bh1 Nh4 40. Qf2 Qf4 41.
Qg3+ Qg4 42. Kf2 Ng6 43. Qxg4 Bxg4 44. Bxf3 Be6 45. Ne3 Ne7 46. Kg3 Kg7 47. Bg4
Kf7 48. Bxe6+ Kxe6 49. Ng4 Nf5+ 50. Kf4 a6 51. Ne3 Ne7 52. Kg4 Ng6 53. Kh5 Nxe5
54. dxe5 Kxe5 55. Kxh6 Ke4 56. Nc2 a5 57. Nd4 a4 58. a3 Kd3 59. Nb5 d4 60. cxd4
c3 61. Nxc3 Kxc3 62. d5 Kb3 63. d6 Kxa3 64. d7 Kb2 65. d8=Q a3 66. Qa8 1-0

[Event "Thüringen-Rheinland-Pfalz"]
[Site "?"]
[Date "2005.04.14"]
[Round "1.8"]
[White "Kube, Hannelore"]
[Black "Raab, Helen"]
[Result "1-0"]
[WhiteElo "1998"]
[BlackElo "1161"]
[PlyCount "43"]
[EventDate "1905.??.??"]

1. c4 e5 2. Nc3 Nf6 3. g3 Nc6 4. Bg2 Be7 5. e4 O-O 6. Nge2 d6 7. O-O Bd7 8. h3
b6 9. d3 Rb8 10. Be3 Na5 11. Qd2 c5 12. f4 Nc6 13. f5 Qc8 14. g4 Nd4 15. Ng3 a6
16. g5 Ne8 17. Nd5 Qd8 18. f6 gxf6 19. Nxe7+ Qxe7 20. gxf6 Nxf6 21. Bg5 Rfe8
22. Bxf6 1-0

[Event "Schleswig-Holstein-Berlin"]
[Site "?"]
[Date "2005.04.14"]
[Round "1.1"]
[White "Nagel, Verena"]
[Black "Kopylova, Ljubov"]
[Result "0-1"]
[WhiteElo "2100"]
[BlackElo "2216"]
[PlyCount "76"]
[EventDate "1905.??.??"]

1. d4 Nf6 2. Nf3 g6 3. c4 Bg7 4. Nc3 d5 5. Bf4 O-O 6. e3 c5 7. Qb3 dxc4 8. Bxc4
Nc6 9. Ne5 Nxe5 10. Bxe5 cxd4 11. Rd1 Qa5 12. Bxd4 e5 13. O-O exd4 14. exd4 Qg5
15. Nb5 Bg4 16. Rde1 Rac8 17. f4 Qh5 18. Re5 Bf5 19. Nd6 Ng4 20. Bxf7+ Kh8 21.
h3 Nxe5 22. dxe5 Bc2 23. Qxb7 Rb8 24. Qe7 Bd3 25. Rf3 Be2 26. Rf2 Bb5 27. Bb3
Be8 28. Ne4 Qf5 29. Ng5 Rc8 30. Ne6 Rf7 31. Qg5 Bxe5 32. Qxf5 Rc1+ 33. Kh2 Rxf5
34. g4 Rf6 35. Re2 Bd6 36. Kg3 g5 37. Nxg5 Bxf4+ 38. Kh4 Rh6# 0-1

[Event "Schleswig-Holstein-Berlin"]
[Site "?"]
[Date "2005.04.14"]
[Round "1.2"]
[White "Willrodt, Sonja"]
[Black "Wagner-Michel, Annett"]
[Result "0-1"]
[WhiteElo "1953"]
[BlackElo "2142"]
[PlyCount "52"]
[EventDate "1905.??.??"]

1. Nf3 c5 2. d3 d5 3. g3 Nc6 4. Bg2 Nf6 5. Nbd2 Bg4 6. c3 Qd7 7. e4 O-O-O 8.
Qc2 e6 9. a3 Be7 10. b4 dxe4 11. dxe4 Qd3 12. Qxd3 Rxd3 13. b5 Bxf3 14. Nxf3
Nd8 15. e5 Ne4 16. c4 Rc3 17. Ke2 f5 18. exf6 Bxf6 19. Ra2 Rxc4 20. Kd3 Ra4 21.
Be3 Nc3 22. Rc2 c4+ 23. Kd2 Nxb5 24. Bc5 Nc6 25. Bb4 Rd8+ 26. Ke1 c3 0-1

[Event "Schleswig-Holstein-Berlin"]
[Site "?"]
[Date "2005.04.14"]
[Round "1.3"]
[White "Schulz, Stefanie"]
[Black "Gehrmann, Dorit"]
[Result "1/2-1/2"]
[WhiteElo "2070"]
[BlackElo "1890"]
[PlyCount "97"]
[EventDate "1905.??.??"]

1. e4 c5 2. Nc3 d6 3. f4 g6 4. Nf3 Bg7 5. Bc4 Nc6 6. O-O Nf6 7. a3 a6 8. d3 b5
9. Ba2 e6 10. f5 exf5 11. Qe1 O-O 12. Bg5 h6 13. Bd2 Be6 14. Bxe6 fxe6 15. exf5
exf5 16. Nh4 Kh7 17. Qg3 Ne7 18. Rae1 Nh5 19. Qh3 Ra7 20. Nf3 Nc6 21. b3 d5 22.
Ne2 Re7 23. Nf4 Nxf4 24. Bxf4 Rxe1 25. Rxe1 Re8 26. Rf1 Nd4 27. Nxd4 Bxd4+ 28.
Kh1 Bg7 29. Qf3 Qd7 30. h3 Qe6 31. Bg3 Qe2 32. Re1 Qxf3 33. gxf3 Rxe1+ 34. Bxe1
Be5 35. Kg2 g5 36. Kf1 Kg6 37. c4 dxc4 38. dxc4 bxc4 39. bxc4 Bd4 40. Bg3 h5
41. Bd6 f4 42. h4 Kf5 43. hxg5 Kxg5 44. Kg2 Be3 45. Kh3 Bf2 46. Be7+ Kf5 47.
Bd6 Be3 48. Kh4 Kg6 49. a4 1/2-1/2

[Event "Schleswig-Holstein-Berlin"]
[Site "?"]
[Date "2005.04.14"]
[Round "1.4"]
[White "Hielscher, Ursula"]
[Black "Sonnenberger, Kirsten"]
[Result "0-1"]
[WhiteElo "1896"]
[BlackElo "2049"]
[PlyCount "52"]
[EventDate "1905.??.??"]

1. d4 Nf6 2. c4 g6 3. Nc3 Bg7 4. e4 d6 5. f3 Nbd7 6. Be3 e5 7. d5 a5 8. Rb1 Nh5
9. Qd2 f5 10. exf5 gxf5 11. b4 axb4 12. Rxb4 b6 13. Nge2 Qf6 14. Nb5 Qd8 15. g3
Nc5 16. Nec3 O-O 17. Be2 f4 18. Bf2 Bd7 19. g4 Nf6 20. h4 e4 21. Bxc5 bxc5 22.
Rb3 exf3 23. Bxf3 Nxg4 24. Bxg4 Bxg4 25. Qg2 Qe7+ 26. Kf2 Qe3+ 0-1

[Event "Schleswig-Holstein-Berlin"]
[Site "?"]
[Date "2006.04.14"]
[Round "1.5"]
[White "Platzek, Janine"]
[Black "Freter, Anke"]
[Result "1-0"]
[WhiteElo "2084"]
[BlackElo "1792"]
[PlyCount "77"]
[EventDate "1905.??.??"]

1. Nf3 c5 2. c4 Nc6 3. Nc3 d6 4. g3 e5 5. Bg2 Be6 6. d3 Be7 7. a3 Rb8 8. Rb1
Nd4 9. Nxd4 cxd4 10. Nd5 Nf6 11. Nxf6+ Bxf6 12. Qa4+ Qd7 13. Qxa7 O-O 14. O-O
d5 15. b3 Rfc8 16. Qa5 b5 17. cxb5 Rxb5 18. Qa4 Qb7 19. b4 e4 20. Bf4 Ra8 21.
Qb3 Rc8 22. Rfc1 Rc3 23. Qa4 Bd7 24. Qd1 Bf5 25. Rxc3 dxc3 26. dxe4 dxe4 27.
Rc1 Rd5 28. Qa4 Rd8 29. Qa5 Qd7 30. h4 h6 31. Be5 Qd2 32. Bf4 Qd7 33. Kh2 Bh7
34. Be5 Qf5 35. Bxf6 Qxf6 36. Rxc3 g5 37. Rc6 Qxc6 38. Qxd8+ Kg7 39. hxg5 1-0

[Event "Schleswig-Holstein-Berlin"]
[Site "?"]
[Date "2005.04.14"]
[Round "1.6"]
[White "Franzenburg, Maria"]
[Black "Neldner, Anita"]
[Result "0-1"]
[WhiteElo "1201"]
[BlackElo "1786"]
[PlyCount "26"]
[EventDate "1905.??.??"]

1. e4 e5 2. Nf3 Nc6 3. d4 exd4 4. Bc4 Nf6 5. e5 d5 6. Bb5 Ne4 7. Nxd4 Bd7 8.
Nxc6 bxc6 9. Ba6 Bc5 10. O-O Qh4 11. Qf3 Bg4 12. Qb3 Bxf2+ 13. Kh1 Ng3+ 0-1

[Event "Schleswig-Holstein-Berlin"]
[Site "?"]
[Date "2005.04.14"]
[Round "1.7"]
[White "Neldner, Uta"]
[Black "Knof, Henrike"]
[Result "0-1"]
[WhiteElo "1745"]
[BlackElo "1073"]
[PlyCount "51"]
[EventDate "1905.??.??"]

1. d4 d5 2. e3 Nc6 3. f4 Nf6 4. Nf3 Bf5 5. c3 e6 6. Be2 h6 7. O-O Be4 8. Ne5
Nxe5 9. fxe5 Nd7 10. Nd2 Bf5 11. Bf3 c5 12. Qe2 Be7 13. Bxd5 exd5 14. Rxf5 O-O
15. e4 Nb6 16. Qg4 cxd4 17. cxd4 Bg5 18. Nb3 Bxc1 19. Rxc1 Rc8 20. Rcf1 Nc4 21.
Qf3 dxe4 22. Qxe4 Nxb2 23. Qxb7 Nc4 24. Rxf7 Rxf7 25. Rxf7 Na5 26. Rxg7+ 0-1

[Event "Schleswig-Holstein-Berlin"]
[Site "?"]
[Date "2005.04.14"]
[Round "1.8"]
[White "Mahler, Sonja"]
[Black "Strate, Gerda"]
[Result "0-1"]
[WhiteElo "1189"]
[BlackElo "1735"]
[PlyCount "44"]
[EventDate "1905.??.??"]

1. d4 d5 2. Bf4 e6 3. e3 c5 4. Nc3 a6 5. a3 Nc6 6. Nf3 Nf6 7. Be2 Qb6 8. O-O
Nh5 9. Bg5 h6 10. Bh4 cxd4 11. Nxd4 Nf6 12. Bxf6 gxf6 13. Nb3 Rg8 14. Bh5 Qc7
15. Re1 f5 16. Kh1 Ne5 17. h3 Bd7 18. Qd4 Bg7 19. Qf4 O-O-O 20. Rad1 Bf6 21.
Qd4 Ng4 22. Qd2 Qh2# 0-1

[Event "Baden-Nordrhein-Westfalen"]
[Site "?"]
[Date "2005.04.15"]
[Round "2.1"]
[White "Koglin, Anke"]
[Black "Nill, Jessica"]
[Result "0-1"]
[WhiteElo "2192"]
[BlackElo "2247"]
[PlyCount "52"]
[EventDate "1905.??.??"]

1. e4 c5 2. Nf3 e6 3. b3 Nc6 4. Bb2 d6 5. Bb5 e5 6. O-O Bg4 7. Bxc6+ bxc6 8. d3
Nf6 9. Nbd2 g6 10. Nc4 Bg7 11. Ne3 Bd7 12. Qd2 O-O 13. Rad1 Qe7 14. Kh1 Nh5 15.
Ng1 f5 16. Nc4 f4 17. Qe1 Rac8 18. Qa5 Bg4 19. Nf3 g5 20. b4 cxb4 21. Qxb4 c5
22. Qe1 Rf6 23. Rb1 Rh6 24. Ncd2 Be6 25. Nc4 g4 26. Ng1 Qh4 0-1

[Event "Baden-Nordrhein-Westfalen"]
[Site "?"]
[Date "2005.04.15"]
[Round "2.2"]
[White "Onischuk, Anna"]
[Black "Vogel, Heike"]
[Result "0-1"]
[WhiteElo "2237"]
[BlackElo "2126"]
[PlyCount "60"]
[EventDate "1905.??.??"]

1. e4 d5 2. exd5 Nf6 3. d4 Nxd5 4. Nf3 Bg4 5. h3 Bh5 6. g4 Bg6 7. Ne5 Nc6 8.
Nxg6 hxg6 9. c4 Ndb4 10. d5 Nd4 11. Na3 e5 12. dxe6 Nxe6 13. Be3 Qxd1+ 14. Kxd1
O-O-O+ 15. Kc1 Bc5 16. Nc2 Nd3+ 17. Bxd3 Rxd3 18. b4 Bxe3+ 19. fxe3 Ng5 20. h4
Nf3 21. Kb2 Ne5 22. Raf1 Nxc4+ 23. Kc1 Ne5 24. g5 Rc3 25. Rh3 Rc4 26. Rfh1 Nd3+
27. Kb1 Nf2 28. Kb2 Nxh3 29. Rxh3 Rhxh4 30. Rf3 Rh2 0-1

[Event "Baden-Nordrhein-Westfalen"]
[Site "?"]
[Date "2005.04.15"]
[Round "2.3"]
[White "Kuznetsova, Elena"]
[Black "Mira, Helene"]
[Result "1-0"]
[WhiteElo "2124"]
[BlackElo "2188"]
[PlyCount "69"]
[EventDate "1905.??.??"]

1. e4 e6 2. d4 d5 3. Nd2 Be7 4. c3 c5 5. exd5 Qxd5 6. Ngf3 cxd4 7. Bc4 Qd8 8.
cxd4 Nf6 9. O-O O-O 10. Bb3 b5 11. a4 bxa4 12. Rxa4 Bd7 13. Ra1 Bb5 14. Re1 Nc6
15. Nc4 Rc8 16. Nce5 Qb6 17. Be3 Rfd8 18. Nxf7 Kxf7 19. Bxe6+ Kf8 20. Bxc8 Rxc8
21. d5 Bc5 22. Bxc5+ Qxc5 23. dxc6 Bxc6 24. Nd4 Bd5 25. Ne6+ Bxe6 26. Rxe6 Qf5
27. Qd6+ Kf7 28. Re5 Qc2 29. Rxa7+ Kg6 30. Re1 Rc5 31. h4 h5 32. Qe7 Kf5 33.
Qxg7 Qd2 34. Rae7 Rc6 35. R7e5+ 1-0

[Event "Baden-Nordrhein-Westfalen"]
[Site "?"]
[Date "2005.04.15"]
[Round "2.5"]
[White "Schmitz, Manuela"]
[Black "Mader, Manuela"]
[Result "1/2-1/2"]
[WhiteElo "2087"]
[BlackElo "2002"]
[PlyCount "93"]
[EventDate "1905.??.??"]

1. d4 d5 2. Nf3 e6 3. e3 Nf6 4. Nbd2 Be7 5. Bd3 O-O 6. O-O c5 7. c3 b6 8. Ne5
Bb7 9. b3 Nbd7 10. Bb2 a6 11. a4 Qc7 12. Nxd7 Qxd7 13. Qe2 Rfc8 14. Nf3 Qc7 15.
Ne5 Bd6 16. f4 Ne4 17. Bxe4 dxe4 18. Rac1 b5 19. axb5 axb5 20. Ra1 f6 21. Ng4
cxd4 22. cxd4 Qc2 23. Qxc2 Rxc2 24. Rxa8+ Bxa8 25. Rb1 Bd5 26. Ba1 Bxb3 27.
Rxb3 Rc1+ 28. Kf2 Rxa1 29. Ke2 Ra2+ 30. Kf1 b4 31. Rb1 Ra3 32. Ke2 Kf7 33. Nf2
f5 34. Nd1 Ra2+ 35. Kf1 Rc2 36. Rb2 Rxb2 37. Nxb2 Ke8 38. Ke2 g5 39. g3 gxf4
40. gxf4 Kf7 41. Nc4 Be7 42. Ne5+ Kg7 43. Kd2 Bd6 44. Nc6 Kg6 45. Nd8 Kf6 46.
Nc6 Kg6 47. Nd8 1/2-1/2

[Event "Baden-Nordrhein-Westfalen"]
[Site "?"]
[Date "2005.04.15"]
[Round "2.6"]
[White "Klein, Sabine"]
[Black "Roitburd, Marina"]
[Result "1/2-1/2"]
[WhiteElo "1865"]
[BlackElo "2152"]
[PlyCount "54"]
[EventDate "1905.??.??"]

1. e4 c5 2. Nc3 e6 3. g3 Nc6 4. Bg2 Nf6 5. d3 d5 6. exd5 exd5 7. Nge2 d4 8. Ne4
Be7 9. O-O O-O 10. h3 Nd5 11. Nf4 Nxf4 12. Bxf4 f5 13. Nd2 g5 14. Bxc6 bxc6 15.
Be5 f4 16. Kh2 f3 17. g4 Bd6 18. Bg3 h5 19. Nxf3 hxg4 20. Ng1 Qf6 21. hxg4 Kg7
22. Nh3 Rh8 23. Kg2 Be6 24. Bxd6 Bd5+ 25. f3 Qxd6 26. Qd2 Rxh3 27. Qxg5+ Kf7
1/2-1/2

[Event "Baden-Nordrhein-Westfalen"]
[Site "?"]
[Date "2005.04.15"]
[Round "2.7"]
[White "Nattermüller, Irina"]
[Black "Krum, Beate"]
[Result "1/2-1/2"]
[WhiteElo "2151"]
[BlackElo "1787"]
[PlyCount "85"]
[EventDate "1905.??.??"]

1. e4 c6 2. d4 d5 3. exd5 cxd5 4. c4 Nf6 5. Nc3 Nc6 6. Bg5 Be6 7. c5 g6 8. Nf3
Ne4 9. Bf4 Qa5 10. Qb3 Qb4 11. Bb5 Qxb3 12. axb3 Nxc3 13. bxc3 Bd7 14. O-O Bg7
15. Rfe1 e6 16. Ra2 O-O 17. Bd3 a6 18. Ne5 Bxe5 19. Bxe5 Nxe5 20. Rxe5 Rac8 21.
f4 Rc6 22. b4 b5 23. Kf2 Bc8 24. h3 Kg7 25. g4 f6 26. Re1 f5 27. gxf5 gxf5 28.
Kf3 Kf7 29. Rg1 Rg8 30. Rgg2 Rxg2 31. Rxg2 Kf6 32. Kg3 Rc7 33. Ra2 Rg7+ 34. Kf2
Ke7 35. Ra1 Kf6 36. Ra5 Rg6 37. Bxb5 axb5 38. Rxb5 Rg7 39. Rb8 Ba6 40. b5 Ra7
41. c6 Bxb5 42. Rxb5 Rc7 43. Rc5 1/2-1/2

[Event "Baden-Nordrhein-Westfalen"]
[Site "?"]
[Date "2005.04.15"]
[Round "2.8"]
[White "Dittrich, Jacquekine"]
[Black "Funk, Natalie"]
[Result "0-1"]
[WhiteElo "1599"]
[BlackElo "1907"]
[PlyCount "68"]
[EventDate "1905.??.??"]

1. Nc3 d5 2. e4 d4 3. Nce2 e5 4. Nf3 Nc6 5. Ng3 Be6 6. Bb5 Qd6 7. d3 Qb4+ 8. c3
Qxb5 9. cxd4 Nxd4 10. Nxd4 exd4 11. O-O Nf6 12. b3 O-O-O 13. Bf4 g5 14. Bd2 h6
15. Qc2 Ng4 16. f4 gxf4 17. Bxf4 Bd6 18. Bxd6 Rxd6 19. Nf5 Qe5 20. g3 Ne3 21.
Nxd6+ Qxd6 22. Qf2 Nxf1 23. Rxf1 Qe5 24. Qf4 Qxf4 25. Rxf4 c5 26. Kg2 Kd7 27.
h3 b5 28. e5 Kc6 29. Kf2 Kd5 30. Ke2 Kxe5 31. h4 c4 32. bxc4 bxc4 33. dxc4
Bxc4+ 34. Kd2 Bxa2 0-1

[Event "Sachsen-Anhalt I-Thüringen"]
[Site "?"]
[Date "2005.04.15"]
[Round "2.1"]
[White "Umpfenbach, Carolin"]
[Black "Madl, Ildiko"]
[Result "0-1"]
[WhiteElo "2137"]
[BlackElo "2375"]
[PlyCount "88"]
[EventDate "1905.??.??"]

1. d4 d5 2. c4 c6 3. e3 e6 4. Nf3 Nf6 5. Nbd2 c5 6. dxc5 Bxc5 7. Nb3 Bd6 8. Bd2
O-O 9. cxd5 exd5 10. Bd3 Ne4 11. O-O Bg4 12. h3 Bd7 13. Qc2 Qe7 14. Nbd4 Nc6
15. Rad1 Rac8 16. Nxc6 bxc6 17. Bc3 f5 18. Ba6 Rce8 19. Nd2 Bb8 20. Rfe1 Qd6
21. Nf1 f4 22. f3 Nxc3 23. Qxc3 fxe3 24. Rxe3 Bc7 25. Rxe8 Rxe8 26. Re1 Rf8 27.
Be2 Bb6+ 28. Kh1 Bf2 29. Rc1 h6 30. a3 Bh4 31. b4 Bf6 32. Qc2 Qe5 33. Rd1 Re8
34. Bd3 Qb2 35. Qxb2 Bxb2 36. a4 Kf7 37. g4 Bc3 38. b5 c5 39. Bc4 dxc4 40.
Rxd7+ Kf6 41. Rxa7 Bd4 42. Ng3 c3 43. f4 c2 44. Nh5+ Kg6 0-1

[Event "Sachsen-Anhalt I-Thüringen"]
[Site "?"]
[Date "2005.04.15"]
[Round "2.2"]
[White "Lakos, Nikoletta"]
[Black "Skibbe, Diana"]
[Result "1-0"]
[WhiteElo "2342"]
[BlackElo "2094"]
[PlyCount "55"]
[EventDate "1905.??.??"]

1. e4 e5 2. Nf3 Nc6 3. Bc4 Nf6 4. d3 Bc5 5. c3 d6 6. Nbd2 O-O 7. h3 Ne7 8. d4
exd4 9. cxd4 Bb6 10. Bd3 Ng6 11. O-O c6 12. Re1 Bc7 13. Nf1 Nh5 14. N1h2 Nhf4
15. Bf1 Kh8 16. h4 f5 17. exf5 Bxf5 18. g3 Nh3+ 19. Bxh3 Bxh3 20. Bg5 Qd7 21.
h5 Bg4 22. hxg6 Rxf3 23. Nxf3 Qf5 24. Bf4 Qh5 25. Re3 Rf8 26. Qb3 hxg6 27. Ng5
Bb6 28. Qf7 1-0

[Event "Sachsen-Anhalt I-Thüringen"]
[Site "?"]
[Date "2005.04.15"]
[Round "2.3"]
[White "Müller-Ludwig, Kristin"]
[Black "Horvath, Julia"]
[Result "0-1"]
[WhiteElo "2074"]
[BlackElo "2226"]
[PlyCount "54"]
[EventDate "1905.??.??"]

1. e4 c6 2. d4 d5 3. Nc3 dxe4 4. Nxe4 Bf5 5. Ng3 Bg6 6. Nf3 Nd7 7. h4 h6 8. h5
Bh7 9. Bd3 Bxd3 10. Qxd3 Ngf6 11. Bf4 Qa5+ 12. Bd2 Qa4 13. b3 Qa3 14. c4 e6 15.
Qe2 Be7 16. O-O O-O 17. Bf4 Rad8 18. Rad1 Qa5 19. Ne5 Nxe5 20. Bxe5 Nd7 21. Bf4
Bg5 22. Bd6 Rfe8 23. Ne4 Nf6 24. b4 Qf5 25. Ng3 Qg4 26. f3 Qxh5 27. Kf2 Rxd6
0-1

[Event "Sachsen-Anhalt I-Thüringen"]
[Site "?"]
[Date "2005.04.15"]
[Round "2.4"]
[White "Krege, Sandra"]
[Black "Fuchs, Antje"]
[Result "0-1"]
[WhiteElo "1988"]
[BlackElo "2107"]
[PlyCount "94"]
[EventDate "1905.??.??"]

1. e4 c5 2. Nf3 d6 3. d4 cxd4 4. Nxd4 Nf6 5. Nc3 a6 6. Bg5 e6 7. f4 Be7 8. Qf3
Nbd7 9. O-O-O Qc7 10. g4 b5 11. Bxf6 Nxf6 12. g5 Nd7 13. f5 Bxg5+ 14. Kb1 Ne5
15. Qh5 Qd8 16. Nxe6 Bxe6 17. fxe6 g6 18. exf7+ Kxf7 19. Qh3 Ra7 20. Be2 Kg7
21. Rd5 b4 22. Na4 Qe8 23. Qb3 Nf7 24. Qxb4 Bf6 25. Rf1 Qe7 26. Ra5 Rb7 27. Qc4
Rhb8 28. b3 Rb4 29. Qxa6 Rxe4 30. Bd1 Ne5 31. Nb2 Qc7 32. Rd5 Nf7 33. Qd3 Rh4
34. Nc4 Qxc4 35. Qxc4 Rxc4 36. a3 Rh4 37. h3 Rxh3 38. Bg4 Re3 39. a4 h5 40. Bd7
Rb7 41. Bb5 Rbe7 42. Ka2 Bc3 43. Ka3 h4 44. Bd3 h3 45. Rh1 Re1 46. Rxe1 Rxe1
47. b4 h2 0-1